000 00774cam a22002413a 4500
001 22627
003 PGUSA
005 20140828083500.0
008 070916s2007||||xxu|||||s|||||000 | eng d
040 _aPGUSA
_beng
042 _adc
050 4 _aQ
050 4 _aPD
100 1 _aKroeh, Charles Frederick,
_d1846-1928
245 1 0 _aGerman Science Reader :
_bAn Introduction to Scientific German, for Students of Physics, Chemistry and Engineering
_h[electronic resource] /
_cCharles Frederick Kroeh
260 _bProject Gutenberg,
_c2007
506 _aPublic domain in the USA.
516 _aElectronic text
653 _aGerman language -- Readers -- Science
830 0 _aProject Gutenberg
_v22627
856 4 0 _uhttp://www.gutenberg.org/ebooks/22627
942 _cEB
999 _c251882
_d251882